000 00857nam a22002297a 4500
005 20100805162435.0
010 _aENG-98360
020 _a8174876138
_c400.0
020 _a9788174876133
_c400.00
035 _aEN-81893
037 _bDBAD/PUB
082 _a320.80954123
100 _aPrasad, Kedar
_97248
245 _aFactions and dynamics in pachayati raj /
_cby Kedar Prasad
260 _aNew Delhi
_bRadha Publications
_c2009
270 _a4231/1, Ansari Road, Darya Ganj
_bNew Delhi
_e110002
300 _a160p.
_c22cm (Hb)
500 _aIncludes bibliographical references
650 _aIndia-saran-panchayat-political paticipation
_97249
942 _2ddc
_cEN
_h320.80954123
_mPRA
999 _c39574
_d39574